| 000 | 00465nam a22001817a 4500 | ||
|---|---|---|---|
| 999 |
_c526089 _d526089 |
||
| 003 | NUST | ||
| 020 | _qP/B | ||
| 038 | _awaseem | ||
| 082 |
_a891.493 _bQUR |
||
| 100 |
_aQureshi, Aslam _917054 |
||
| 245 |
_aSanwali Doop / _cAslam Qureshi |
||
| 260 |
_aBahawalpur : _bSaraiki Adbi Majlis, _c1979. |
||
| 300 | _a95 p. ; ill. : | ||
| 500 | _aPapercover. | ||
| 880 |
_6100-01\r _aاسلم قریشی |
||
| 880 |
_6245-02\r _aسانولی دھپ / |
||
| 942 |
_2ddc _cBK |
||